|
|
|
|
| LEADER |
00000nam0a2200000 4500 |
| 001 |
323248 |
| 005 |
20231102003543.0 |
| 035 |
|
|
|a (RuTPU)RU\TPU\book\348807
|
| 090 |
|
|
|a 323248
|
| 100 |
|
|
|a 20161013d1950 km y0rusy50 ca
|
| 101 |
1 |
|
|a rus
|c eng
|
| 102 |
|
|
|a RU
|
| 105 |
|
|
|a y z 001zy
|
| 200 |
1 |
|
|a Электронные представления в органической химии
|e пер. с англ.
|f А. Ремик
|
| 210 |
|
|
|a Москва
|c Изд-во иностранной литературы
|d 1950
|
| 215 |
|
|
|a 550 с.
|
| 320 |
|
|
|a Библиогр.: с. 537-541
|
| 320 |
|
|
|a Предметный указатель: с. 542-549
|
| 606 |
1 |
|
|a Органическая химия
|x Электронная теория
|2 stltpush
|3 (RuTPU)RU\TPU\subj\75663
|9 87339
|
| 610 |
1 |
|
|a органические вещества
|
| 610 |
1 |
|
|a реакционная способность
|
| 610 |
1 |
|
|a теория Льюиса
|
| 610 |
1 |
|
|a химическая физика
|
| 610 |
1 |
|
|a кинетика
|
| 610 |
1 |
|
|a растворители
|
| 675 |
|
|
|a 547:544.16
|v 4
|
| 700 |
|
1 |
|a Ремик
|b А.
|
| 801 |
|
1 |
|a RU
|b 63413507
|c 20161013
|
| 801 |
|
2 |
|a RU
|b 63413507
|c 20200729
|g RCR
|
| 942 |
|
|
|c BK
|